[Event "CAN-ch"]
[Site "Brantford"]
[Date "1999.09.07"]
[Round "7"]
[White "Gardner, Robert"]
[Black "Schleifer, Michael"]
[Result "0-1"]
[WhiteElo "2247"]
[BlackElo "2333"]
[PlyCount "152"]
[GameId "2160767911742384"]
[EventDate "1999.08.31"]
[EventType "swiss"]
[EventRounds "9"]
[EventCountry "CAN"]
[SourceTitle "EXT 2000"]
[Source "ChessBase"]
[SourceDate "1999.11.18"]
[SourceVersion "1"]
[SourceVersionDate "1999.11.18"]
[SourceQuality "1"]

1. e4 c5 2. g3 d5 3. exd5 Qxd5 4. Qf3 Qd6 5. Bg2 Nc6 6. Ne2 Nf6 7. Na3 e5 8. O-O Be6 9. Nc3 Be7 10. d3 O-O 11. Bg5 Qd7 12. Bxf6 Bxf6 13. Ne4 Be7 14. Qe3 b6 15. Ng5 Bd5 16. Bxd5 Qxd5 17. Qe4 Qxe4 18. Nxe4 f5 19. Nc3 Rad8 20. Kg2 Nd4 21. Ncb5 Nc6 22. Nc4 Bf6 23. Rfe1 g6 24. a4 a6 25. Nc3 Nd4 26. Rac1 Bg5 27. Rcd1 Rfe8 28. Rxe5 Rxe5 29. Nxe5 Nxc2 30. Nc4 Rb8 31. h4 Bh6 32. b3 Nd4 33. Rb1 b5 34. axb5 axb5 35. Ne3 Nc6 36. Ncd5 Rd8 37. f4 Bg7 38. Kf3 Ra8 39. b4 Nd4+ 40. Kg2 Ra2+ 41. Kh3 cxb4 42. Nxb4 Re2 43. Ned5 h5 44. Rg1 Rb2 45. Rg2 Rb3 46. Ra2 Bf8 47. Nf6+ Kf7 48. Nbd5 Ba3 49. Nd7 Ke6 50. N5b6 Rxd3 51. Ne5 Rc3 52. Rd2 Nf3 53. Nxf3 Rxf3 54. Nd5 Bd6 55. Kg2 Ra3 56. Nb6 Ra6 57. Re2+ Kf7 58. Nd5 Ra7 59. Rb2 Rb7 60. Kf3 b4 61. Rb3 Ke6 62. Ne3 Bc5 63. Nc4 Ra7 64. Ke2 Ra2+ 65. Nd2 Bd4 66. Rxb4 Bc3 67. Rb6+ Kd5 68. Rxg6 Rxd2+ 69. Ke3 Ra2 70. Rg8 Bd4+ 71. Kd3 Ra3+ 72. Ke2 Re3+ 73. Kf1 Ke4 74. Kg2 Re2+ 75. Kh1 Kf3 76. Rg5 Bf2 0-1

[Event "CAN-ch"]
[Site "Brantford"]
[Date "1999.09.07"]
[Round "7"]
[White "Glinert, Stephen"]
[Black "Jung, Hans"]
[Result "0-1"]
[WhiteElo "2191"]
[BlackElo "2251"]
[PlyCount "128"]
[GameId "2160767911742385"]
[EventDate "1999.08.31"]
[EventType "swiss"]
[EventRounds "9"]
[EventCountry "CAN"]
[SourceTitle "EXT 2000"]
[Source "ChessBase"]
[SourceDate "1999.11.18"]
[SourceVersion "1"]
[SourceVersionDate "1999.11.18"]
[SourceQuality "1"]

1. e4 e6 2. Nc3 d5 3. d4 dxe4 4. Nxe4 Bd7 5. Ne2 Bc6 6. N2g3 Ne7 7. c4 h5 8. Qd3 h4 9. Ne2 h3 10. Nf4 hxg2 11. Bxg2 Rh4 12. d5 exd5 13. Nxd5 Nxd5 14. cxd5 Bxd5 15. Bg5 Rxe4+ 16. Bxe4 Qxg5 17. Qxd5 Bb4+ 18. Ke2 Qxd5 19. Bxd5 c6 20. Bc4 Nd7 21. a3 Be7 22. f4 Bf6 23. Rab1 Nb6 24. Bb3 Ke7 25. Rhd1 Rh8 26. Rh1 Rh3 27. Bc2 Nc4 28. Bf5 Rb3 29. Bc2 Rh3 30. Bf5 Rh5 31. Bd3 Nxb2 32. h3 Ra5 33. Be4 Ra4 34. Bc2 Rxa3 35. Ra1 Rc3 36. Bf5 a6 37. Rac1 Rb3 38. Rc2 Na4 39. Kf2 Bh4+ 40. Kg2 Rg3+ 41. Kh2 Rb3 42. Rg1 Bf6 43. Re1+ Kf8 44. Rce2 g6 45. Bc2 Rb4 46. Re8+ Kg7 47. Bxa4 Rxa4 48. Rb1 b5 49. Rc1 Rxf4 50. Rxc6 a5 51. Ra8 a4 52. Rc5 Rf2+ 53. Kg3 Rb2 54. Ra5 Rb3+ 55. Kg4 a3 56. Rc8 Rb4+ 57. Kf3 Ra4 58. Rxb5 a2 59. Rc1 a1=Q 60. Rxa1 Bxa1 61. Kg3 f6 62. Rd5 Be5+ 63. Kg2 Ra2+ 64. Kg1 Ra3 0-1

[Event "CAN-ch"]
[Site "Brantford"]
[Date "1999.09.07"]
[Round "7"]
[White "Khassanov, Marat"]
[Black "Fullbrook, Nigel"]
[Result "0-1"]
[WhiteElo "2367"]
[BlackElo "2225"]
[PlyCount "114"]
[GameId "2160767911742387"]
[EventDate "1999.08.31"]
[EventType "swiss"]
[EventRounds "9"]
[EventCountry "CAN"]
[SourceTitle "EXT 2000"]
[Source "ChessBase"]
[SourceDate "1999.11.18"]
[SourceVersion "1"]
[SourceVersionDate "1999.11.18"]
[SourceQuality "1"]

1. e4 d6 2. Nf3 Nf6 3. Nc3 c5 4. d4 cxd4 5. Nxd4 g6 6. Bc4 Bg7 7. O-O O-O 8. Re1 Nc6 9. Nb3 a5 10. a4 Be6 11. Bxe6 fxe6 12. Qe2 Rc8 13. Bd2 Ne5 14. Nd4 Qd7 15. Rad1 Rc4 16. Ndb5 Nh5 17. Be3 Nf4 18. Qf1 Qc8 19. Bd4 Rb4 20. Kh1 g5 21. b3 Qe8 22. g3 Nf3 23. gxf4 Qh5 24. Qg2 Rxf4 25. Re3 Nxd4 26. Rh3 Qg6 27. Na2 Nxb5 28. Nxb4 Nc3 29. Rxc3 Bxc3 30. Nd3 Rxe4 31. f4 gxf4 32. Qf3 Re3 33. Qxb7 Qe4+ 34. Qxe4 Rxe4 35. Rf1 e5 36. Kg2 Re2+ 37. Rf2 Rxf2+ 38. Kxf2 Kf7 39. b4 axb4 40. a5 Ke6 41. a6 Kd5 42. a7 Bd4+ 43. Kf3 Bxa7 44. Nxb4+ Kc4 45. Nc6 Bg1 46. h4 e6 47. h5 Be3 48. h6 Kc5 49. Nd8 Kd5 50. Nf7 e4+ 51. Ke2 Bc1 52. c4+ Kc5 53. Kf2 f3 54. Kg3 Bf4+ 55. Kf2 Kxc4 56. Nd8 Bxh6 57. Nxe6 d5 0-1

[Event "CAN-ch"]
[Site "Brantford"]
[Date "1999.09.07"]
[Round "7"]
[White "Nickoloff, Bryon"]
[Black "Yoos, John"]
[Result "1-0"]
[WhiteElo "2421"]
[BlackElo "2302"]
[PlyCount "91"]
[GameId "2160767911742388"]
[EventDate "1999.08.31"]
[EventType "swiss"]
[EventRounds "9"]
[EventCountry "CAN"]
[SourceTitle "EXT 2000"]
[Source "ChessBase"]
[SourceDate "1999.11.18"]
[SourceVersion "1"]
[SourceVersionDate "1999.11.18"]
[SourceQuality "1"]

1. d4 Nf6 2. c4 g6 3. Nc3 Bg7 4. e4 d6 5. Be2 O-O 6. Nf3 e5 7. Be3 c6 8. O-O Qe7 9. d5 Ng4 10. Bg5 f6 11. Bh4 c5 12. Nd2 Nh6 13. f3 Na6 14. Bd3 Nf7 15. Qe2 Bh6 16. a3 b6 17. Bc2 Bd7 18. Rab1 Bg5 19. Bxg5 fxg5 20. b4 h5 21. Ba4 Bxa4 22. Nxa4 Nc7 23. bxc5 dxc5 24. Nc3 Rab8 25. Nd1 Nd6 26. Nf2 Nce8 27. Qe3 Kg7 28. Nd3 Nb7 29. g3 Kh7 30. f4 gxf4 31. gxf4 exf4 32. Nxf4 Ng7 33. Qg3 g5 34. Nh3 g4 35. Nf4 Nd6 36. Rbe1 Qg5 37. e5 h4 38. Qd3+ Kg8 39. exd6 Rxf4 40. Ne4 Qf5 41. Rxf4 Qxf4 42. Rf1 Qh6 43. Nf6+ Kh8 44. Qe4 g3 45. Rf4 gxh2+ 46. Kxh2 1-0

[Event "CAN-ch"]
[Site "Brantford"]
[Date "1999.09.07"]
[Round "7"]
[White "Pushkedra, Frank"]
[Black "Gentes, Kevin"]
[Result "1-0"]
[WhiteElo "2345"]
[BlackElo "2325"]
[PlyCount "69"]
[GameId "2160767911742389"]
[EventDate "1999.08.31"]
[EventType "swiss"]
[EventRounds "9"]
[EventCountry "CAN"]
[SourceTitle "EXT 2000"]
[Source "ChessBase"]
[SourceDate "1999.11.18"]
[SourceVersion "1"]
[SourceVersionDate "1999.11.18"]
[SourceQuality "1"]

1. e4 e6 2. d4 d5 3. Nc3 Nf6 4. Bg5 Bb4 5. e5 h6 6. Bd2 Bxc3 7. bxc3 Ne4 8. Qg4 Kf8 9. Bc1 c5 10. Bd3 Qa5 11. Ne2 cxd4 12. O-O dxc3 13. f3 Nc5 14. f4 Nxd3 15. cxd3 Nc6 16. a4 Kg8 17. Ng3 Kh7 18. Nh5 Rg8 19. Qh4 Qc5+ 20. Kh1 Qd4 21. Qh3 Ne7 22. Nf6+ gxf6 23. f5 Rg5 24. Bxg5 fxg5 25. Qh5 Kg8 26. f6 Qh4 27. fxe7 Qxh5 28. e8=Q+ Kg7 29. Rf6 Bd7 30. Qxa8 c2 31. Raf1 Qd1 32. Rxf7+ Kg6 33. Qf8 c1=Q 34. R7f6+ Kh5 35. Qxh6+ 1-0

[Event "CAN-ch"]
[Site "Brantford"]
[Date "1999.09.07"]
[Round "7"]
[White "Spraggett, Kevin"]
[Black "Zugic, Igor"]
[Result "0-1"]
[WhiteElo "2521"]
[BlackElo "2406"]
[PlyCount "106"]
[GameId "2160767911742391"]
[EventDate "1999.08.31"]
[EventType "swiss"]
[EventRounds "9"]
[EventCountry "CAN"]
[SourceTitle "EXT 2000"]
[Source "ChessBase"]
[SourceDate "1999.11.18"]
[SourceVersion "1"]
[SourceVersionDate "1999.11.18"]
[SourceQuality "1"]

1. d4 Nf6 2. c4 g6 3. Nc3 d5 4. Nf3 Bg7 5. e3 O-O 6. b4 c6 7. Bb2 Bg4 8. Qb3 Bxf3 9. gxf3 e6 10. f4 Nbd7 11. Be2 dxc4 12. Qxc4 Nd5 13. Qb3 Nxc3 14. Bxc3 Qh4 15. Bf3 Nf6 16. Ke2 Nd5 17. Bd2 Rfd8 18. Rac1 a6 19. Rhg1 Rd7 20. Rg4 Qd8 21. Rg3 Ne7 22. Be4 Nf5 23. Bxf5 exf5 24. Kf1 Rd5 25. Be1 Qe7 26. h3 Qe6 27. Kg1 Bf8 28. Qc2 Be7 29. Kh2 Qe4 30. Qb3 Bh4 31. Rg2 Qf3 32. Bd2 Qe4 33. Qd1 Kh8 34. f3 Qe6 35. Qc2 Bf6 36. Re1 Rd7 37. Bc3 Qd6 38. Kh1 Re8 39. Qb2 Qd5 40. Qf2 Rde7 41. Rgg1 Kg8 42. Kg2 Re6 43. Qd2 Qd8 44. Qd3 Qd5 45. Re2 Qb5 46. Rd1 Qd5 47. Rde1 Bh4 48. Rc1 g5 49. fxg5 Bxg5 50. Rce1 Rg6 51. e4 fxe4 52. Rxe4 Rxe4 53. Rxe4 f5 0-1

[Event "CAN-ch"]
[Site "Brantford"]
[Date "1999.09.08"]
[Round "8"]
[White "Campbell, Brett"]
[Black "Glinert, Stephen"]
[Result "1/2-1/2"]
[WhiteElo "2197"]
[BlackElo "2191"]
[PlyCount "96"]
[GameId "2160767911742392"]
[EventDate "1999.08.31"]
[EventType "swiss"]
[EventRounds "9"]
[EventCountry "CAN"]
[SourceTitle "EXT 2000"]
[Source "ChessBase"]
[SourceDate "1999.11.18"]
[SourceVersion "1"]
[SourceVersionDate "1999.11.18"]
[SourceQuality "1"]

1. b3 Nf6 2. Bb2 d6 3. f4 g6 4. Nf3 Bg7 5. e4 O-O 6. d3 Nc6 7. Be2 e5 8. fxe5 Ng4 9. O-O Ne3 10. Qd2 Nxf1 11. Bxf1 Bg4 12. d4 Bxf3 13. gxf3 dxe5 14. d5 Ne7 15. Na3 Nc8 16. Nc4 Re8 17. Ba3 f5 18. d6 Nxd6 19. Bxd6 cxd6 20. Qd5+ Kh8 21. Nxd6 Re7 22. Rd1 Qb6+ 23. Kh1 Rf8 24. exf5 gxf5 25. Bh3 Rd7 26. c4 Qf2 27. c5 Qh4 28. Bf1 e4 29. Bb5 Rc7 30. Nxf5 Qf4 31. fxe4 Qf3+ 32. Kg1 Rg8 33. Ng3 Qe3+ 34. Kg2 Rxc5 35. Qd3 Qg5 36. Bc4 Rgc8 37. a4 a6 38. Qe2 b5 39. axb5 axb5 40. Bd3 h5 41. h4 Qg4 42. Qxg4 hxg4 43. b4 Re5 44. Nf5 Bf8 45. Kg3 Bxb4 46. Rb1 Rd8 47. Rxb4 Rxd3+ 48. Kxg4 Kh7 1/2-1/2

[Event "CAN-ch"]
[Site "Brantford"]
[Date "1999.09.08"]
[Round "8"]
[White "Crisan, Ioan"]
[Black "Gardner, Robert"]
[Result "1-0"]
[WhiteElo "2247"]
[BlackElo "2247"]
[PlyCount "112"]
[GameId "2160767911742393"]
[EventDate "1999.08.31"]
[EventType "swiss"]
[EventRounds "9"]
[EventCountry "CAN"]
[SourceTitle "EXT 2000"]
[Source "ChessBase"]
[SourceDate "1999.11.18"]
[SourceVersion "1"]
[SourceVersionDate "1999.11.18"]
[SourceQuality "1"]

1. e4 c5 2. c3 Nf6 3. e5 Nd5 4. d4 cxd4 5. Nf3 e6 6. cxd4 b6 7. Nc3 Nxc3 8. bxc3 Qc7 9. Bd2 d6 10. Bd3 Bb7 11. O-O Nd7 12. Re1 dxe5 13. Nxe5 Nxe5 14. Rxe5 Bd6 15. Rh5 g6 16. Rh3 O-O 17. Bh6 Rfe8 18. Bg5 Be7 19. Bxe7 Rxe7 20. Qd2 Rc8 21. Bf1 Bd5 22. Re1 Bc4 23. Bxc4 Qxc4 24. d5 h5 25. d6 Rd7 26. Rd3 Rc5 27. h3 a6 28. Rd1 Ra5 29. Qe3 Qc5 30. Qd2 Qc6 31. Qe2 Rc5 32. Qe3 b5 33. a3 Kh7 34. g4 Kg7 35. Qe5+ f6 36. Qe3 Re5 37. Qd2 hxg4 38. hxg4 Rg5 39. f3 Qc5+ 40. Kg2 e5 41. Qa2 e4 42. Qe6 Qc6 43. Qxe4 Qxe4 44. fxe4 Rxg4+ 45. Kf3 Rh4 46. Re3 Rh3+ 47. Kf2 Rh2+ 48. Kf3 Ra2 49. e5 fxe5 50. Ke4 Rxa3 51. Kxe5 b4 52. Ke6 Rd8 53. Ke7 Rb8 54. d7 bxc3 55. Rc1 Rb1 56. d8=Q g5 1-0

[Event "CAN-ch"]
[Site "Brantford"]
[Date "1999.09.08"]
[Round "8"]
[White "Day, Lawrence"]
[Black "Berry, Jonathan"]
[Result "1-0"]
[WhiteElo "2319"]
[BlackElo "2287"]
[PlyCount "107"]
[GameId "2160767911742394"]
[EventDate "1999.08.31"]
[EventType "swiss"]
[EventRounds "9"]
[EventCountry "CAN"]
[SourceTitle "EXT 2000"]
[Source "ChessBase"]
[SourceDate "1999.11.18"]
[SourceVersion "1"]
[SourceVersionDate "1999.11.18"]
[SourceQuality "1"]

1. e4 e5 2. Nf3 Nc6 3. Bb5 g6 4. c3 a6 5. Bxc6 dxc6 6. d4 exd4 7. cxd4 Bg4 8. Be3 Bg7 9. Nc3 Nf6 10. Qb3 Bxf3 11. gxf3 Qd7 12. Qxb7 O-O 13. Qb3 Rab8 14. Qc2 Qh3 15. Qe2 c5 16. O-O-O Rb4 17. dxc5 Rfb8 18. b3 c6 19. Bf4 Re8 20. Qd3 Nh5 21. Bd6 a5 22. Kc2 Qg2 23. Rdf1 a4 24. Nxa4 Ra8 25. Nc3 Qg5 26. a4 Qf6 27. Rb1 Nf4 28. Qe3 Ne6 29. Ne2 Rd8 30. Rhd1 h5 31. Rd3 Ra8 32. e5 Qf5 33. Ng3 Qh3 34. Rh1 Nf4 35. Rd4 Nd5 36. Qe4 Rxd4 37. Qxd4 Qg2 38. h4 Qxf3 39. Rd1 Re8 40. Rd3 Qg2 41. Rd2 Bh6 42. Re2 Qf3 43. Re4 Be3 44. Rxe3 Qxf2+ 45. Kd3 f5 46. Ne2 f4 47. Re4 Qf1 48. Kd2 f3 49. Nf4 f2 50. Nxd5 Qg2 51. Nf6+ Kh8 52. Re2 f1=Q 53. Rxg2 Qxg2+ 54. Kc3 1-0

[Event "CAN-ch"]
[Site "Brantford"]
[Date "1999.09.08"]
[Round "8"]
[White "Fullbrook, Nigel"]
[Black "Spraggett, Kevin"]
[Result "0-1"]
[WhiteElo "2225"]
[BlackElo "2521"]
[PlyCount "79"]
[GameId "2160767911742395"]
[EventDate "1999.08.31"]
[EventType "swiss"]
[EventRounds "9"]
[EventCountry "CAN"]
[SourceTitle "EXT 2000"]
[Source "ChessBase"]
[SourceDate "1999.11.18"]
[SourceVersion "1"]
[SourceVersionDate "1999.11.18"]
[SourceQuality "1"]

1. e4 c5 2. Nf3 e6 3. d4 cxd4 4. Nxd4 a6 5. Bd3 Nf6 6. O-O Qc7 7. Bg5 Be7 8. Nd2 d6 9. c3 h6 10. Bh4 g5 11. e5 dxe5 12. Bg3 Nd5 13. Re1 Bf6 14. Nc4 Nf4 15. Bxf4 exf4 16. Qh5 Kf8 17. Nf3 Bd7 18. Nfe5 Be8 19. h4 b5 20. Ng4 Bg7 21. Nce5 Nc6 22. hxg5 Bxe5 23. Nf6 Ne7 24. Nh7+ Rxh7 25. Bxh7 hxg5 26. Qxg5 Bg7 27. Rad1 Nd5 28. Be4 Bc6 29. Rd3 Qd8 30. Qh5 Qf6 31. Rf3 Qh6 32. Qxh6 Bxh6 33. Rh3 Bg7 34. Rc1 Rd8 35. c4 bxc4 36. Rxc4 Bb5 37. Rc2 Nb4 38. Rc7 Rd1+ 39. Kh2 Be5 40. f3 0-1

[Event "CAN-ch"]
[Site "Brantford"]
[Date "1999.09.08"]
[Round "8"]
[White "Gentes, Kevin"]
[Black "Reddy, Tyler"]
[Result "1-0"]
[WhiteElo "2325"]
[BlackElo "2027"]
[PlyCount "69"]
[GameId "2160767911742396"]
[EventDate "1999.08.31"]
[EventType "swiss"]
[EventRounds "9"]
[EventCountry "CAN"]
[SourceTitle "EXT 2000"]
[Source "ChessBase"]
[SourceDate "1999.11.18"]
[SourceVersion "1"]
[SourceVersionDate "1999.11.18"]
[SourceQuality "1"]

1. d4 d5 2. c4 dxc4 3. Nf3 a6 4. e3 e6 5. Bxc4 c5 6. O-O Nf6 7. Nc3 Qc7 8. Qe2 b5 9. Bb3 Bb7 10. e4 b4 11. e5 Nfd7 12. Ne4 cxd4 13. Bf4 Qc6 14. Nfd2 Nc5 15. Rac1 a5 16. Qg4 Nbd7 17. Rfe1 a4 18. Bd1 h5 19. Qh3 Qa6 20. Be2 d3 21. Bf3 b3 22. axb3 axb3 23. Nd6+ Bxd6 24. exd6 Bxf3 25. Qxf3 f6 26. Be3 Rc8 27. Bxc5 Nxc5 28. Qe3 Qxd6 29. Ne4 Qe5 30. Rxc5 d2 31. Rxe5 dxe1=Q+ 32. Qxe1 fxe5 33. Nd6+ Kd7 34. Nxc8 Rxc8 35. Qxe5 1-0

[Event "CAN-ch"]
[Site "Brantford"]
[Date "1999.09.08"]
[Round "8"]
[White "Hamilton, Robert"]
[Black "Yoos, John"]
[Result "0-1"]
[WhiteElo "2315"]
[BlackElo "2302"]
[PlyCount "94"]
[GameId "2160767911742397"]
[EventDate "1999.08.31"]
[EventType "swiss"]
[EventRounds "9"]
[EventCountry "CAN"]
[SourceTitle "EXT 2000"]
[Source "ChessBase"]
[SourceDate "1999.11.18"]
[SourceVersion "1"]
[SourceVersionDate "1999.11.18"]
[SourceQuality "1"]

1. d4 Nf6 2. c4 g6 3. Nc3 Bg7 4. Bf4 d6 5. h3 O-O 6. e3 b6 7. Be2 Bb7 8. Nf3 e6 9. O-O Qe7 10. Qc2 Nh5 11. Bh2 f5 12. Ne1 Nf6 13. Bf3 Bxf3 14. Nxf3 Nh5 15. c5 bxc5 16. dxc5 d5 17. Ne2 Nc6 18. Qa4 Qe8 19. Bxc7 Nd4 20. Qd1 Nxf3+ 21. gxf3 Bxb2 22. Rb1 Bg7 23. Qd3 g5 24. Bd6 Rf7 25. Rfc1 Rc8 26. c6 Bf8 27. Bxf8 Rxf8 28. c7 Nf6 29. Qa6 e5 30. Qxa7 g4 31. hxg4 fxg4 32. f4 g3 33. fxg3 Qh5 34. Rb2 Ng4 35. Kf1 d4 36. exd4 Qh1+ 37. Ng1 Ne3+ 38. Ke2 Qg2+ 39. Kxe3 Qxb2 40. Qc5 exf4+ 41. gxf4 Rce8+ 42. Kd3 Qf2 43. d5 Qg3+ 44. Kc4 Qxf4+ 45. Kb5 Rb8+ 46. Kc6 Qa4+ 47. Kd6 Rf6+ 0-1

[Event "CAN-ch"]
[Site "Brantford"]
[Date "1999.09.08"]
[Round "8"]
[White "Jung, Hans"]
[Black "Duong, Thanh Nha"]
[Result "0-1"]
[WhiteElo "2251"]
[BlackElo "2332"]
[PlyCount "79"]
[GameId "2160767911742398"]
[EventDate "1999.08.31"]
[EventType "swiss"]
[EventRounds "9"]
[EventCountry "CAN"]
[SourceTitle "EXT 2000"]
[Source "ChessBase"]
[SourceDate "1999.11.18"]
[SourceVersion "1"]
[SourceVersionDate "1999.11.18"]
[SourceQuality "1"]

1. Nc3 c5 2. e4 Nc6 3. g3 g6 4. b3 Bg7 5. Bb2 d6 6. Bg2 h5 7. h3 Bd7 8. Nge2 Qc8 9. Qc1 e5 10. Nd5 Nf6 11. Ne3 O-O 12. d3 Be6 13. Nd5 Re8 14. Qd2 Kh7 15. Nxf6+ Bxf6 16. g4 Qd8 17. Bc1 Bg7 18. gxh5 gxh5 19. Ng3 Qh4 20. Bf3 Rg8 21. Bxh5 Bf8 22. Bg4 Nd4 23. Qd1 f5 24. Nxf5 Bxf5 25. Bxf5+ Nxf5 26. exf5 e4 27. Be3 Bg7 28. d4 cxd4 29. Bxd4 e3 30. Bxe3 Bxa1 31. Qxa1 Rae8 32. Qc3 Qe4 33. Rf1 d5 34. f6 Rc8 35. Qd3 Rxc2 36. Qxe4+ dxe4 37. f3 Rg3 38. Kd1 Rc6 39. f7 Rf6 40. Ke2 0-1

[Event "CAN-ch"]
[Site "Brantford"]
[Date "1999.09.08"]
[Round "8"]
[White "Pushkedra, Frank"]
[Black "Allan, Denis"]
[Result "0-1"]
[WhiteElo "2345"]
[BlackElo "2295"]
[PlyCount "82"]
[GameId "2160767911742401"]
[EventDate "1999.08.31"]
[EventType "swiss"]
[EventRounds "9"]
[EventCountry "CAN"]
[SourceTitle "EXT 2000"]
[Source "ChessBase"]
[SourceDate "1999.11.18"]
[SourceVersion "1"]
[SourceVersionDate "1999.11.18"]
[SourceQuality "1"]

1. e4 c5 2. Nf3 d6 3. d4 cxd4 4. Nxd4 Nf6 5. Nc3 a6 6. Bg5 e6 7. f4 h6 8. Bh4 Nc6 9. Qd2 Nxe4 10. Nxe4 Qxh4+ 11. g3 Qd8 12. O-O-O d5 13. Nc3 Qb6 14. Nb3 Be7 15. g4 Bd7 16. Bg2 O-O-O 17. Kb1 Kb8 18. Rhe1 Bf6 19. a3 Ne7 20. Ne2 g6 21. Ng3 Ba4 22. g5 Bg7 23. f5 gxf5 24. Qf4+ Qc7 25. Qxa4 hxg5 26. Nd4 Rxh2 27. Bf1 Rh4 28. Re3 Qd7 29. Qxd7 Rxd7 30. Nf3 Rh6 31. Rb3 g4 32. Nd4 f4 33. Bxa6 Bxd4 34. Rxd4 e5 35. Rdb4 Rxa6 36. Nh5 Rg6 37. Rb6 g3 38. Nf6 Rxf6 39. Rxf6 g2 40. Rxf7 g1=Q+ 41. Ka2 Qg8 0-1

[Event "CAN-ch"]
[Site "Brantford"]
[Date "1999.09.08"]
[Round "8"]
[White "Zugic, Igor"]
[Black "Ross, Dave"]
[Result "0-1"]
[WhiteElo "2406"]
[BlackElo "2345"]
[PlyCount "110"]
[GameId "2160767911742404"]
[EventDate "1999.08.31"]
[EventType "swiss"]
[EventRounds "9"]
[EventCountry "CAN"]
[SourceTitle "EXT 2000"]
[Source "ChessBase"]
[SourceDate "1999.11.18"]
[SourceVersion "1"]
[SourceVersionDate "1999.11.18"]
[SourceQuality "1"]

1. d4 d6 2. Nf3 Nf6 3. c4 g6 4. g3 Bg7 5. Bg2 O-O 6. Nc3 Nbd7 7. O-O e5 8. e4 c6 9. h3 Qb6 10. c5 dxc5 11. dxe5 Ne8 12. e6 fxe6 13. Ng5 Ne5 14. f4 Nf7 15. Nxf7 Bd4+ 16. Kh2 Rxf7 17. e5 Bxc3 18. bxc3 Qc7 19. h4 Ng7 20. g4 b6 21. Qc2 Bb7 22. Be4 c4 23. h5 gxh5 24. Bxh7+ Kh8 25. g5 c5 26. Bg6 Rd7 27. Be3 Rad8 28. Rad1 Qc6 29. Rxd7 Rxd7 30. Qe2 Kg8 31. Bc1 Qd5 32. Bc2 Qc6 33. f5 Nxf5 34. Bxf5 exf5 35. Qxc4+ Qd5 36. Qxd5+ Bxd5 37. Rxf5 Rf7 38. Rf6 Rxf6 39. exf6 Bxa2 40. g6 Bf7 41. gxf7+ Kxf7 42. c4 Kxf6 43. Bf4 a6 44. Kg3 Ke6 45. Kf3 b5 46. cxb5 axb5 47. Bg5 Kd5 48. Ke3 b4 49. Be7 b3 50. Kd3 c4+ 51. Kc3 Ke6 52. Bh4 Kf5 53. Bg3 Ke4 54. Bh4 Kf4 55. Bf6 Kf5 0-1

[Event "CAN-ch"]
[Site "Brantford"]
[Date "1999.09.09"]
[Round "9"]
[White "Berry, Jonathan"]
[Black "Jung, Hans"]
[Result "1/2-1/2"]
[WhiteElo "2287"]
[BlackElo "2251"]
[PlyCount "45"]
[GameId "2160767911742406"]
[EventDate "1999.08.31"]
[EventType "swiss"]
[EventRounds "9"]
[EventCountry "CAN"]
[SourceTitle "EXT 2000"]
[Source "ChessBase"]
[SourceDate "1999.11.18"]
[SourceVersion "1"]
[SourceVersionDate "1999.11.18"]
[SourceQuality "1"]

1. d4 d5 2. c4 c6 3. Nf3 Nf6 4. Qc2 g6 5. Bf4 Na6 6. e3 Bf5 7. Qb3 Qb6 8. Nbd2 Qxb3 9. axb3 Nb4 10. Ra4 Nd3+ 11. Bxd3 Bxd3 12. Ne5 Bc2 13. Rb4 dxc4 14. bxc4 g5 15. Bg3 b6 16. Nxc6 Ne4 17. Nxe4 Bxe4 18. d5 Bxg2 19. Rg1 Be4 20. Ke2 e6 21. Rb5 g4 22. Ra1 exd5 23. Rxb6 1/2-1/2

[Event "CAN-ch"]
[Site "Brantford"]
[Date "1999.09.09"]
[Round "9"]
[White "Duong, Thanh Nha"]
[Black "Zugic, Igor"]
[Result "1-0"]
[WhiteElo "2332"]
[BlackElo "2406"]
[PlyCount "129"]
[GameId "2160767911742408"]
[EventDate "1999.08.31"]
[EventType "swiss"]
[EventRounds "9"]
[EventCountry "CAN"]
[SourceTitle "EXT 2000"]
[Source "ChessBase"]
[SourceDate "1999.11.18"]
[SourceVersion "1"]
[SourceVersionDate "1999.11.18"]
[SourceQuality "1"]

1. d4 Nf6 2. c4 g6 3. Nc3 d5 4. cxd5 Nxd5 5. e4 Nxc3 6. bxc3 Bg7 7. Bc4 c5 8. Ne2 O-O 9. Be3 Nc6 10. Rc1 cxd4 11. cxd4 Qa5+ 12. Kf1 Bd7 13. h4 Rfc8 14. h5 Nd8 15. hxg6 hxg6 16. Bh6 Bxh6 17. Rxh6 Qg5 18. Rh2 b5 19. f4 Qf6 20. e5 Qb6 21. Qe1 g5 22. fxg5 Qg6 23. Qh4 Qg7 24. Bd5 Rxc1+ 25. Nxc1 Rc8 26. Nd3 Bf5 27. Nf4 Kf8 28. Ke1 Ke8 29. Qh6 Qxh6 30. gxh6 Bh7 31. Rh4 e6 32. Bb3 Nc6 33. Nh5 Ke7 34. Nf6 Rh8 35. Nxh7 Rxh7 36. Bc2 Rh8 37. h7 Kf8 38. Rg4 Nb4 39. Bb1 Nd5 40. a3 f5 41. exf6 Nxf6 42. Rg5 a6 43. Re5 Nxh7 44. Bxh7 Rxh7 45. Rxe6 Rd7 46. Re4 Rc7 47. Kd2 Rc4 48. Rf4+ Ke7 49. Re4+ Kd7 50. g4 Ra4 51. g5 Rxa3 52. Rg4 Rf3 53. g6 Rf8 54. Kc3 a5 55. d5 Rg8 56. g7 a4 57. Rg6 Ke7 58. Kb4 Kf7 59. Ra6 Rxg7 60. Kxb5 Rg4 61. Kc6 Ke7 62. Ra7+ Kd8 63. Ra8+ Ke7 64. d6+ Ke6 65. Re8+ 1-0

[Event "CAN-ch"]
[Site "Brantford"]
[Date "1999.09.09"]
[Round "9"]
[White "Hamilton, Robert"]
[Black "Pushkedra, Frank"]
[Result "0-1"]
[WhiteElo "2315"]
[BlackElo "2345"]
[PlyCount "98"]
[GameId "2160767911742411"]
[EventDate "1999.08.31"]
[EventType "swiss"]
[EventRounds "9"]
[EventCountry "CAN"]
[SourceTitle "EXT 2000"]
[Source "ChessBase"]
[SourceDate "1999.11.18"]
[SourceVersion "1"]
[SourceVersionDate "1999.11.18"]
[SourceQuality "1"]

1. d4 Nf6 2. Nf3 g6 3. c4 Bg7 4. Nc3 O-O 5. g3 d6 6. Bg2 Nc6 7. O-O a6 8. h3 Rb8 9. b3 b5 10. cxb5 axb5 11. Bb2 b4 12. Nb1 Bd7 13. Nbd2 Qc8 14. Kh2 Rb5 15. e3 Rh5 16. Ng1 e5 17. Rc1 exd4 18. Bxc6 Bxh3 19. Qxh5 gxh5 20. Nxh3 dxe3 21. Nc4 Ng4+ 22. Kg1 Bxb2 23. Nxb2 Kh8 24. fxe3 Qe6 25. Nc4 d5 26. Nf4 Qxc6 27. Ne5 Qb6 28. Nxg4 hxg4 29. Nxd5 Qe6 30. Nf4 Qxe3+ 31. Kg2 Rd8 32. Rce1 Rd2+ 33. Kh1 Qc5 34. Re8+ Kg7 35. Rfe1 Qf2 36. R8e2 Qf3+ 37. Kh2 Rd6 38. Rg2 Rh6+ 39. Kg1 Qc3 40. Rf1 Qe3+ 41. Rff2 Qc1+ 42. Rf1 Qe3+ 43. Rff2 c5 44. Nd5 Qd4 45. Nf4 Kg8 46. Ne2 Qa1+ 47. Rf1 Qxa2 48. Nd4 Qa6 49. Nf5 Rh1+ 0-1

[Event "CAN-ch"]
[Site "Brantford"]
[Date "1999.09.09"]
[Round "9"]
[White "Khassanov, Marat"]
[Black "Gentes, Kevin"]
[Result "1-0"]
[WhiteElo "2367"]
[BlackElo "2325"]
[PlyCount "67"]
[GameId "2160767911742412"]
[EventDate "1999.08.31"]
[EventType "swiss"]
[EventRounds "9"]
[EventCountry "CAN"]
[SourceTitle "EXT 2000"]
[Source "ChessBase"]
[SourceDate "1999.11.18"]
[SourceVersion "1"]
[SourceVersionDate "1999.11.18"]
[SourceQuality "1"]

1. e4 c5 2. Nf3 d6 3. d4 cxd4 4. Nxd4 Nf6 5. Nc3 a6 6. Be3 e6 7. f3 b5 8. Qd2 Bb7 9. O-O-O Nbd7 10. g4 h6 11. h4 b4 12. Na4 d5 13. Bh3 Qa5 14. b3 dxe4 15. g5 hxg5 16. hxg5 Rxh3 17. Rxh3 Nd5 18. g6 Nc5 19. fxe4 Nxe4 20. gxf7+ Kxf7 21. Rf1+ Ndf6 22. Qe2 Rd8 23. Nf3 Rd5 24. Bd4 Bc6 25. Qxe4 Nxe4 26. Ne5+ Ke8 27. Rxf8+ Kxf8 28. Rh8+ Ke7 29. Nxc6+ Kd7 30. Nxa5 Rxd4 31. Rh4 Kd6 32. c3 bxc3 33. Nxc3 Ke5 34. Nc6+ 1-0